000 00373pam a2200157a 44500
008 230515b2010 xxu||||| |||| 00| 0 eng d
020 _aNULL
041 _aENG
082 _a618.2
100 _aDAWN C S
245 _aTEXTBOOK OF OBSTETRICE AND NEONATOLOGY
250 _a13TH
260 _aNULL
_bDAWN BOOKS CALCUTTA -14
_c2010
300 _a528
650 _aOBSTETRICE
999 _c552224
_d552224